000
00322nam a2200121Ia 4500
008
220204s9999 xx 000 0 und d
082
_a
620.193
_b
LAQ
100
_a
Laque, Fracis L
245
0
_a
Marine corrosion: Causes and prevention
260
_a
New Jersey
_b
John Wiley
_c
1975
650
_a
Marine corrosion
942
_c
BK
999
_c
26986
_d
26986